000 00667nam a2200193 i 4500
001 84557
003 ES-MaACL
005 20250531063029.0
007 t|
008 041123s1953 zzz ||||1| spa d
100 1 _aJiménez de Gregorio, Fernando,
_d1911-2012
_966505
245 1 0 _aHallazgos arqueológicos en La Jara, V- VI /
_c[Fernando Giménez de Gregorio].
260 _a[S.l. :
_bs.n.,
_c1953]
300 _a371-379 p. ;
_c27 cm.
500 _aEncabezamiento tomado de la pag. 378.
500 _aEs separata de: Archivo Español de Arqueología. Nº 88, 2º semestre de 1953.
852 _aES-MaACL
_j1941-F-22
_bR.32913
999 _c84557
_d84557